| 000 | 00614nam a22001817a 4500 | ||
|---|---|---|---|
| 999 |
_c263767 _d263766 |
||
| 003 | OSt | ||
| 005 | 20240606140250.0 | ||
| 008 | 240606b xxu||||| |||| 00| 0 eng d | ||
| 010 | _a2015939764 | ||
| 020 | _a 9780448484075 (pbk.) | ||
| 040 | _c DLC | ||
| 050 |
_a D756.5.N6 _b D458 2015 |
||
| 100 |
_a Demuth, Patricia _e author. |
||
| 245 |
_aWhat was D-Day? _c by Patricia Brennan Demuth ; illustrated by David Grayson Kenyon. |
||
| 260 |
_aNew York, New York : _bGrosset & Dunlap, an imprint of Penguin Group (USA) LLC _c [2015] |
||
| 300 |
_a107 pages : _billustrations, maps ; _c 20 cm |
||
| 942 |
_2lcc _cBK |
||